Evropské mezinárodní právo soukromé

Salvato in:
Dettagli Bibliografici
Autore principale: Pauknerová, Monika
Natura: Libro
Lingua:ceco
Pubblicazione: Praha C. H. Beck 2008
Serie:Právnické učebnice
Soggetti:
Tags: Aggiungi Tag
Nessun Tag, puoi essere il primo ad aggiungerne!!

MARC

LEADER 00000nam$a2200000$$$4500
001 0103691
005 20240226134054.2
020 |a 978-80-7400-034-8 
041 0 |a cze 
044 |a CZ 
245 1 0 |a Evropské mezinárodní právo soukromé  |c Monika Pauknerová 
264 1 |a Praha  |b C. H. Beck  |c 2008 
300 |a 409 s. 
490 1 |a Právnické učebnice 
830 0 |a Právnické učebnice 
610 2 0 |a právo súkromné medzinárodné 
610 2 0 |a právo európske 
610 2 0 |a zmluvy medzinárodné 
610 2 0 |a legislatíva 
610 2 0 |a Európska únia 
100 1 |a Pauknerová, Monika